| 000 | 00943nam a22002177a 4500 | ||
|---|---|---|---|
| 999 |
_c19929 _d19929 |
||
| 003 | AR-CdUCM | ||
| 008 | 190523b ||||| |||| 00| 0 spa d | ||
| 040 |
_aMUNICIPALIDAD PROVINCIAL DEL CUSCO _cBIBLIOTECA MUNICIPAL DEL CUSCO |
||
| 082 |
_a330 / _bC29 |
||
| 100 |
_aCárdenas, Gerardo / _941652 |
||
| 245 |
_aEl sector de economía social en el Perú : _bCooperativas y empresas autogestionarias / |
||
| 260 |
_aPerú : _bLetra, _c1983. |
||
| 300 |
_a450 páginas ; _c21 cm. |
||
| 440 |
_aCentro de estudios para el desarrollo y la participación / _941653 |
||
| 505 | _aContenido: Regímenes administrativos -- De la antigua a la nueva ley general de cooperativas -- El sector de economía social y sus principales manifestaciones... | ||
| 650 |
_aRegímenes administrativos _941654 |
||
| 650 |
_aEconomía en el Perú _941655 |
||
| 650 |
_aEconomía en el Perú siglo XX _941656 |
||
| 942 |
_2ddc _cLIBROS |
||
| 945 |
_aAndy _d2019-05-23 |
||